| 000 | 00614nam a2200241 a 4500 | ||
|---|---|---|---|
| 001 | nice12345678 | ||
| 003 | IN_TiNIC | ||
| 005 | 20260116012300.0 | ||
| 008 | 050524s1981 u ka grp 000 0 eng | ||
| 020 |
_a086037X _c100 |
||
| 082 | 0 | 0 |
_a330.10297 _bSID4 |
| 100 | _aSiddiqi, M Nejatullah | ||
| 245 | _aMuslim Economic Thinking | ||
| 260 |
_aU K _bIslamic Foundation _c1981 |
||
| 300 | _a125p | ||
| 500 | _aincludes index and biblioraphy | ||
| 505 | 2 | _aIndex | |
| 650 | _aEconomics-Religious Aspect-Islam | ||
| 700 | 1 | _aSiddiqi, M Nejatullah | |
| 902 | _bSRS | ||
| 942 | _cBK | ||
| 999 |
_c6379 _d6379 |
||